Largest Cities that Contain the Letter L - Statistics

General Stats
  • This quiz has been taken 339 times
  • The average score is 18 of 20
Answer Stats
Population City % Correct
14,800,000 London
100%
24,900,000 Seoul
100%
33,400,000 Delhi
99%
16,100,000 Istanbul
99%
11,600,000 Lima
99%
17,700,000 Los Angeles
99%
26,700,000 Manila
98%
21,400,000 Lagos
97%
9,100,000 Kuala Lumpur
96%
6,100,000 Milan
96%
23,000,000 São Paulo
96%
6,100,000 Alexandria
92%
17,400,000 Kolkata
90%
14,400,000 Lahore
90%
7,550,000 Dallas
88%
9,000,000 Luanda
87%
6,000,000 Dar es Salaam
84%
7,550,000 Philadelphia
84%
13,700,000 Bangalore
80%
6,100,000 Atlanta
72%
No matching quizzes found
Score Distribution
Percent of People with Each Score
Percentile by Number Answered
Your Score History
You have not taken this quiz